• 首页
  • 本馆介绍
  • 公告通知
  • 最新文献
  • 馆藏检索
  • 电子资源
  • 读者导购
  • 参考咨询
  • 我的图书馆
  • 登录
  • 详细信息显示
  • 放入我的书架
  • 预约/预借图书
  • 作者相关作品
  • 分类相关作品
  • 丛书相关作品
  • 出版社相关作品

书目信息

  • 表格格式
  • 工作单格式
  • 卡片格式
题名:
比较:制度经济和产权理论
    
 
作者: 沈阳 著
分册:  
出版信息: 北京   中国书籍出版社  2013
页数: 10,255页
开本: 24cm
丛书名: 中国书籍文库
单 册:
中图分类: F014.1
科图分类:
主题词: 经济制度--研究 , 产权理论--研究 , 经济制度 , 产权理论
电子资源:
ISBN: 978-7-5068-3099-7
000 00942nam0 22002891 450
001 519
005 20140908143626.89
010    @a978-7-5068-3099-7@dCNY49.00
100    @a20130121d2013 em y0chiy50 ea
101 0  @achi
102    @aCN@b110000
105    @ay z 000yy
106    @ar
200 1  @a比较:制度经济和产权理论@ABi Jiao Zhi Du Jing Ji He Chan Quan Li Lun@f沈阳著@FShen Yang Zhu
210    @a北京@c中国书籍出版社@d2013
215    @a10,255页@d24cm
225 2  @a中国书籍文库@i经济与管理
330    @a本书共分六章,以比较分析为研究方法和研究特色,对制度学派、新制度经济学和马克思主义制度经济理论进行挖掘、梳理、对比并且加以分析研究。
461  0 @12001 @a中国书籍文库
606 0  @a经济制度@x研究
606 0  @a产权理论@x研究
606 0  @a经济制度
606 0  @a产权理论
690    @aF014.1@v5
701  0 @a沈阳@AShen Yang@g(女,@f1968~)@4著
801  0 @aCN@bTANGWEI@c20140603
905    @b0836664-66@dF014.1@e442@f3
    
    比较:制度经济和产权理论/沈阳著.-北京:中国书籍出版社,2013
    10,255页;24cm.-(中国书籍文库.经济与管理)
    
    
    ISBN 978-7-5068-3099-7:CNY49.00
    本书共分六章,以比较分析为研究方法和研究特色,对制度学派、新制度经济学和马克思主义制度经济理论进行挖掘、梳理、对比并且加以分析研究。
●
相关链接 在E读中查询图书 在五车中查询图书 在当当中查询图书 在豆瓣中查询图书


正题名:比较:制度经济和产权理论     索取号:F014.1/442         预约/预借

序号 登录号 条形码 馆藏地/架位号 状态 备注
1 0836664   208366640   第一样本阅览室/ [索取号:F014.1/442] 在馆    
2 0836665   208366659   密集书库-海洋学院/ [索取号:F014.1/442] 在馆    
3 0836666   208366668   第一借阅区/ [索取号:F014.1/442] 在馆    
唐山师范学院图书馆 欢迎您!
大连网信软件有限公司© 版权所有